书目信息 |
| 题名: |
电火花线切割
|
|
| 作者: | 何满才 编著 | |
| 分册: | ||
| 出版信息: | 北京 人民邮电出版社 2004.7 |
|
| 页数: | 618页 | |
| 开本: | 26cm | |
| 丛书名: | ||
| 单 册: | ||
| 中图分类: | TG484-39 | |
| 科图分类: | ||
| 主题词: | 电火花线切割--程序设计--应用设计, Mastercam 9.0--教材 , 电火花线切割 , 程序设计 | |
| 电子资源: | ||
| ISBN: | 7-115-12435-3 | |
| 000 | 00851nam0 2200277 45 | |
| 001 | 012004000000 | |
| 005 | 20041103163913.64 | |
| 010 | @a7-115-12435-3@d62.00CNY | |
| 100 | @a20040914d2004 em y0chiy0121 ea | |
| 101 | 0 | @achi |
| 102 | @aCN@b110000 | |
| 105 | @aak z 000yy | |
| 200 | 1 | @a电火花线切割@Adian huo hua xian qiu ge@eMastercam 9.0基础教程@f何满才编著 |
| 210 | @a北京@c人民邮电出版社@d2004.7 | |
| 215 | @a618页@c图, 表格@d26cm@e附光盘1片 | |
| 307 | @a附光盘: ISBN 7-89497-429-3 | |
| 320 | @a本书含附录和参考文献 | |
| 517 | 1 | @aMastercam 9.0基础教程 |
| 606 | 0 | @a电火花线切割@x程序设计@x应用设计, Mastercam 9.0@j教材 |
| 606 | 0 | @a电火花线切割 |
| 606 | 0 | @a程序设计 |
| 610 | 1 | @aMastercam 9.0 |
| 690 | @aTG484-39@v4 | |
| 701 | 0 | @a何满才@Ahe man cai@4编著 |
| 801 | 0 | @aCN@bQSSKxJ@c20041103 |
| 905 | @a10447@dTG484-39@eH190 | |
| 电火花线切割:Mastercam 9.0基础教程/何满才编著.-北京:人民邮电出版社,2004.7 |
| 618页:图, 表格;26cm+附光盘1片 |
| ISBN 7-115-12435-3:62.00CNY |
| ● |
| 相关链接 |
|
|
|
正题名:电火花线切割
索取号:TG484-39/H190
 
预约/预借
| 序号 | 登录号 | 条形码 | 馆藏地/架位号 | 状态 | 备注 |
| 1 | 424854 | 204248545 | 期刊室512/501自科库 27排1列3层/ [索取号:TG484-39/H190] | 在馆 | |
| 2 | 424855 | 204248554 | 自科库501/501自科库 27排1列3层/ [索取号:TG484-39/H190] | 在馆 | |
| 3 | 424856 | 204248563 | 自科二线400A/400A自科库 25排2列4层/ [索取号:TG484-39/H190] | 在馆 |